Quizzes
Events
Quiz Creation
Community
Videos
Private Events
Remove Ads
Sign In
Join for FREE
Feedback
Dark Mode
Quiz Categories
Sports
Geography
Music
Movies
Television
Just For Fun
Miscellaneous
History
Literature
Language
Science
Gaming
Entertainment
Religion
Holiday
For Kids
Quiz Lab
Recent
Popular Today
Quiz Kudos Today
Editor Picks
Curator Picks
Quizzes by...
Day
Popularity
Type
Ratings
Length
Year
Community
Subscriptions
Recent Discussions
Orange Saloon
Badges
Playlists
Quests
Create
Leaderboards
Showdown
Live 5
Trivia Bingo
Activity
Puzzle Library
Sporcle Events
Private Events
Virtual Trivia
Globe League
Become a Host
Pub Owners
SporcleCon
Opinionation
Our Games
Videos
Blog
Mobile Apps
Partnerships
Remove Ads and Go Orange
Feedback
Sports
Athletes
MLB
NBA
NHL
NFL
Soccer
Sports Teams
WWE
NCAA
Football
Premier League
Basketball
Baseball
Hockey
Golf
Tennis
Cricket
Rugby
Auto Racing
Olympics
World Cup
Sports
Athletes
MLB
NBA
NHL
NFL
Soccer
Sports Teams
WWE
NCAA
Football
Premier League
Basketball
Baseball
Hockey
Golf
Tennis
Cricket
Rugby
Auto Racing
Olympics
World Cup
Random Quiz
Search Sporcle
×
Quiz Lab
Quiz Lab
Sports
Soccer
Type in answers that appear in a list
Type in answers that appear in a list
Classic
Best Score? Go Orange.
Winningest Teams Stats
Can you name the winningest teams from these various sporting competitions?
By
WhoWitMe
7m
61 Questions
23 Plays
23 Plays
23 Plays
Comments
Comments
Give Quiz Kudos
Give Quiz Kudos
-
- Ratings
hide this ad
More Info
Forced Order
Answers have to be entered in order
Answers have to be entered in order
Random Order
Randomize order of answers
Randomize order of answers
Replay
Link that replays current quiz
Next Quiz
Link to next quiz in quiz playlist
You Got
0%
They Got
Avg Score
32%
Avg Friend Score
Upgrade to see
Score Distribution
Jump to the score distribution portion of the page
Score
0/61
Timer
07:00
0
Plays Today
Competition
Team/Country
% Correct
English Premier League (1888-
)
Manchester United
73.9%
La Liga (1929-
)
Real Madrid
69.6%
FIFA Women's World Cup (1991-
)
Germany & United States
69.6%
Davis Cup (1900-
)
United States
69.6%
FIFA World Cup (1930-
)
Brazil
65.2%
Fußball-
Bundesliga (1963-
)
Bayern Munich
60.9%
Africa Cup of Nations (1957-
)
Egypt
60.9%
UEFA Champions League (1955-
)
Real Madrid
60.9%
Scottish Premier League (1890-
)
Rangers
56.5%
Serie A (1898-
)
Juventus
56.5%
Ligue 1 (1894-
)
Saint-Etienne & Marseille
56.5%
Eredivisie (1888-
)
Ajax
56.5%
UEFA European Football Championship (1960-
)
Germany
56.5%
Rugby World Cup (1987-
)
Australia, South Africa & New Zealand
56.5%
2012 FIFA Club World Cup (2000-
)
Barcelona
56.5%
Primeira Liga (1934-
)
S.L. Benfica
52.2%
CONCACAF Gold Cup (1963-
)
Mexico
52.2%
NFL [Superbowl] (1966-
)
Pittsburgh Steelers
47.8%
Copa América (1916-
)
Uruguay
47.8%
Women's Olympic Football (1996-
)
United States
47.8%
FIFA Confederations Cup (1992-
)
Brazil
47.8%
NBA (1950-
)
Boston Celtics
43.5%
OFC Nations Cup (1973-
)
Australia & New Zealand
43.5%
MLB World Series (1903-
)
New York Yankees
39.1%
Superleague Greece (1927-
)
Olympiacos
39.1%
Argentine Primera División (1891–)
River Plate
39.1%
AFC Asian Cup (1956-
)
Japan
39.1%
ICC Cricket World Cup (1975-
)
Australia
39.1%
NHL [Stanley Cup] (1915–)
Montreal Canadiens
34.8%
Major League Soccer (1996-
)
D.C. United
34.8%
FIFA Futsal World Cup (1989-
)
Brazil
34.8%
Competition
Team/Country
% Correct
Formula One World Constructors' Championship (1958-
)
Ferrari
34.8%
World Cup (Men's Golf) (1953-
)
United States
34.8%
Ice Hockey World Championships (1920-
)
Russia
34.8%
Campeonato Brasileiro Série A (1959-
)
Palmeiras
30.4%
Russian Football Championship (1992-
)
Spartak Moscow
26.1%
Fed Cup (1963-
)
United States
26.1%
Men's [Field] Hockey World Cup (1971-
)
Pakistan
21.7%
Women's [Field] Hockey World Cup (1974-
)
Netherlands
21.7%
World Men's Handball Championship (1938-
)
Sweden, France & Romania
21.7%
Mexican Primera División (1943-
)
C.D. Guadalajara
17.4%
Women's National Basketball Association (1997-
)
Houston Comets
13%
UEFA Super Cup (1972-
)
Milan
13%
Copa Libertadores (1960-
)
Independiente
13%
CONCACAF Champions League/
Cup (1962-
)
Cruz Azul Mexico & Club America
13%
J. League (1993-
)
Kashima Antlers
8.7%
CAF Champions League (1964-
)
Al-Ahly SC
8.7%
FINA Men's Water Polo World Cup (1979-
)
Serbia
8.7%
All-
Ireland Senior [gaelic] Football Championship (1887-
)
Kerry
8.7%
Women's National Basketball Association (1997-
)
Houston Comets
8.7%
VFL/
AFL -
Australian Rules Football (1987-
)
Essendon & Carlton
4.3%
Canadian Football League (1958-
)
Toronto Argonauts
4.3%
Chinese Super League (2004-
)
Shandong Luneng
4.3%
Men's Olympic Football (1900-
)
Hungary & Great Britain
4.3%
AFC Champions League (1967 -
)
Pohang Steelers
4.3%
New South Wales Rugby League/
NRL (1908-
)
South Sydney Rabbitohs
0%
Super Rugby (1996-
)
Crusaders
0%
Nippon Professional Baseball (1950-
)
Yomiuri Giants
0%
Arena Football League (1987-
)
Tampa Bay Storm
0%
FINA Women's Water Polo World Cup (1979-
)
Netherlands
0%
Thomas Cup/
World Men's Team Championships (1949-
)
Indonesia
0%
Quiz Playlist
Details
Report
Send in Message
Add To Playlist
More Info:
Correct as of Feb 17 2012
Classic:
Type in answers that appear in a list
Forced Order:
Answers have to be entered in order
Random Order:
Randomize order of answers
Last Updated: Aug 22, 2020
Quiz Scoreboard
CHALLENGE
Sign Up to Join the Scoreboard
Show All
Scores
Hide
Comments
May contain spoilers
Recently Published
Pick 6: Fruits
by JohnFran
Miscellaneous
15s
Click the 1999 NBA Draft
by nibperrychub
Sports
2m
Alphabetical 'K' Countries by Flag Minefield
by ylime102
Geography
3m
More to Explore
Quiz From the Vault
Featured Blog Post
15 Basketball Trivia Facts You Can Be March Mad About
hide this ad
You Might Also Like...
Tags
Basketball Quiz
Country Quiz
Football Quiz
NBA Quiz
NFL Quiz
Soccer Quiz
Championship
competition
Mixed
team
Tournament
Winningest
Today's Top Quizzes in Sports
Browse Sports
hide this ad
Today's Top Quizzes in Soccer
Browse Soccer
Top Contributed Quizzes in Sports
1
Don't Strike Out: 3000 Strikeouts
2
MLB 2 truths and a lie: Hall of Fame pitchers
3
MLB Players with Two .350 Batting Average Seasons
4
Last 10 Members of the 500 HR Club in Order
5
Criteria MLB: Left Handed Sluggers
6
One Time Final Four Teams
7
Millionaire: NBA Finals Edition
8
MLB Teams by First Game
9
Pitchers With Multiple No-Hitters
10
Pick 6: NFL Teams
Explore More
Trending Topics
Kpop
Disney
NBA
Marvel
Harry Potter
Anime
Crossword
Pokémon
Puzzle
NFL
Country
The Office
WWE
Soccer
Song
hide this ad
More By:
WhoWitMe
Quiz
Plays
Rating
Category
Featured
Created
R&B/Hip-Hop number 1 hits of 2000-2009 (clips)
2,174
4.25
Music
May 7, 2010
Mr. Bean Trivia
1,623
3.88
Television
Sep 3, 2010
Hip Hop Tracks
1,566
4.83
Music
Mar 16, 2010
Hip Hop Tracks Part II
732
4.80
Music
Mar 16, 2010
'90s Hip Hop Songs
603
4.33
Music
Mar 18, 2010
Go to Creator's Profile
Score Distribution
Quiz Creator Spotlight
WhoWitMe
Follow
Send a Message
Quizzes Created
-
Created Quiz Play Count
-
More By This Creator
Popular Quizzes Today
1
Find the US States - No Outlines Minefield
2
Countries of Asia Without Outlines Minefield
3
Pick 6: Fruits
4
Alphabetical 'K' Countries by Flag Minefield
5
The Countries of the World
6
Click the 1999 NBA Draft
7
Match the Book to the Film X
8
Find the US States
More Sports Quizzes
Patrice Evra's Clubs
Quiz Lab
Trending Quizzes
Pick 6: Harry Potter
Pick 6: Golfers
Donkey Kong Minefield
DC Extended Universe: Oldest to Newest
Multiplication Danger Zone
Recently Updated
Women's Final Four Teams by Year
bhenderson79
Presidents Quartet II
eogle
Anything But Clue(do)
eogle
Anything But Oceanian Capitals
eogle
Anything But 7
eogle
Anything But Thing
eogle
Word Ladder: February 29
pecheneg
Song Title Questions
pecheneg
Women's NCAA Tournament #1 Seeds
pecheneg
Celebrity Mug Shots
pecheneg
Trending Topics
Anime
Crossword
Marvel
Harry Potter
Kpop
NBA
Disney
WWE
Country
Puzzle
Song
Pokémon
The Office
Soccer
NFL
Your Account Isn't Verified!
In order to create a playlist on Sporcle, you need to verify the email address you used during registration. Go to your
Sporcle Settings
to finish the process.
Report this User
Report this user for behavior that violates our
Community Guidelines
.
Details:
Send Report
Go to the Sporcle.com Mobile Site →
Comments